01216nas a2200241Ia 4500001001100000003001000011008004100021040002500062041001300087100002500100210002800125222002800153245006200181250001100243260008700254300001100341310001200352362003400364500022400398501011400622520022400736650001400960R050-S1210IT-CnALBA170116c99999999xx |||||||||||| ||und|| aIT-CnALBAcIT-CnALBA aITALIANO aQUAGLINI MARIA AGNES aCATECHISTI PARROCCHIALI aCATECHISTI PARROCCHIALI 0aCATECHISTI PARROCCHIALI. VIA VERITÀ VITA. GIUGNO 1968.  a1a ed. a ROMAbCENTRO CATECHISTICO PAOLINO c1968 [1° Ed.:1968 - Ed.Ling.Originale: 1968] a32 p.  aMENSILE aFascicolo: 6 / Anno: 5 (1968) aTEMPO DI SPERANZA. NOTA. PENTECOSTE. DIALOGO PER CORRISPONDENZA. CELEBRAZIONE CRESIMA. CATECHISMO IN VACANZA. CAMMINO VERSO IL PADRE. PROFETA. SACERDOTI. SEGNALAZIONI. FERRONATO, COZZI, MIGNOLLI, BATTISTELLA, GRAZIOSO.  aSocietà San Paolo EM - Piazza San Paolo, 14 - 12051 ALBA (CN) (non commercial uses only) ® Copyright 2017 aTEMPO DI SPERANZA. NOTA. PENTECOSTE. DIALOGO PER CORRISPONDENZA. CELEBRAZIONE CRESIMA. CATECHISMO IN VACANZA. CAMMINO VERSO IL PADRE. PROFETA. SACERDOTI. SEGNALAZIONI. FERRONATO, COZZI, MIGNOLLI, BATTISTELLA, GRAZIOSO.  aCATECHESI